हेतु बिंदु प्रकरणम (Record no. 294466)
[ view plain ]
| 000 -LEADER | |
|---|---|
| fixed length control field | 01142nam a2200265Ia 4500 |
| 003 - CONTROL NUMBER IDENTIFIER | |
| control field | OSt |
| 005 - DATE AND TIME OF LATEST TRANSACTION | |
| control field | 20220923211039.0 |
| 008 - FIXED-LENGTH DATA ELEMENTS--GENERAL INFORMATION | |
| fixed length control field | 220922b |||||||| |||| 00| 0 hin d |
| 020 ## - INTERNATIONAL STANDARD BOOK NUMBER | |
| International Standard Book Number | 8172702361 (hbk) |
| 037 ## - SOURCE OF ACQUISITION | |
| Terms of availability | Textual |
| 040 ## - CATALOGING SOURCE | |
| Original cataloging agency | ARTS |
| Transcribing agency | ARTS |
| Language of cataloging | hin |
| 041 ## - LANGUAGE CODE | |
| Source of code | hin |
| Language code of text/sound track or separate title | hin |
| 100 ## - MAIN ENTRY--PERSONAL NAME | |
| Personal name | धर्म कीर्ति; त्रिपाठी, ब्रज किशोर, संपा. |
| 9 (RLIN) | 157577 |
| 245 #0 - TITLE STATEMENT | |
| Title | हेतु बिंदु प्रकरणम |
| 246 ## - VARYING FORM OF TITLE | |
| Title proper/short title | Hetu biandu prakaraṇama |
| 260 ## - PUBLICATION, DISTRIBUTION, ETC. | |
| Place of publication, distribution, etc. | वाराणसी |
| Name of publisher, distributor, etc. | शिक्षण शोध प्रकाशन संस्थान |
| Date of publication, distribution, etc. | 2010 |
| 490 ## - SERIES STATEMENT | |
| Series statement | गंगानाथझा ग्रन्थमाला; 29 |
| 650 ## - SUBJECT ADDED ENTRY--TOPICAL TERM | |
| Topical term or geographic name entry element | भारतीय दर्शन |
| 942 ## - ADDED ENTRY ELEMENTS (KOHA) | |
| Classification part | R6947x6,5,2, 152Q0 |
| Koha item type | Textual |
| Source of classification or shelving scheme | Colon Classification (CC) |
| Withdrawn status | Lost status | Damaged status | Not for loan | Home library | Current library | Date acquired | Source of acquisition | Cost, normal purchase price | Total Checkouts | Full call number | Barcode | Date last seen | Cost, replacement price | Price effective from | Koha item type |
|---|---|---|---|---|---|---|---|---|---|---|---|---|---|---|---|
| Arts Library | Arts Library | 2022-09-23 | 79, 11/07/2012, Eastern Book Linkers | 1000.00 | R6947x6,5,2 152Q0 | AL1487517 | 2022-09-23 | 1000.00 | 2022-09-23 | Textual |
